| 000 | 01223nam a22002897a 4500 | ||
|---|---|---|---|
| 005 | 20140710111729.0 | ||
| 008 | 140710b2007 ck ||||| ||||a00| 0 spa d | ||
| 020 | _a9789588290362 | ||
| 041 | _aspa | ||
| 044 | _ack | ||
| 082 | 0 | 4 |
_a634.77 _bR69i |
| 100 | 1 |
_aRodriguez, John Mario _924786 |
|
| 245 | 1 | 0 |
_aInforme de vigilancia tecnológica aplicada al estudio de la sigatoka negra _cJohn Mario Rodríguez... [et al]. |
| 246 |
_aVigilancia tecnológica aplicada al estudio de la sigatoka negra _bsolución a problemas de productividad y funcionalidad en sistemas productivos y paisajes rurales |
||
| 260 |
_aPereira _bColciencias _bCiebreg _c2007 |
||
| 300 |
_a80 p. _btablas _c28 cm. |
||
| 505 | _aGeneralidades del plátano y sus enfermedades (pag. 13) | ||
| 505 | _aLa sigatoka negra (pag. 18) | ||
| 505 | _aSituación actual de la investigación de la sigatoka negra (pag. 26) | ||
| 505 | _aCapacidades potenciales nacionales (pag. 43) | ||
| 650 |
_aPlátanos _xcultivo _zColombia _924787 |
||
| 650 |
_aPlátanos _xEnfermedades y plagas _zColombia _924788 |
||
| 650 |
_aSikatoka negra _xcontrol _924789 |
||
| 700 | 1 |
_aNiño-Osorio, Jaime _924790 |
|
| 700 | 1 |
_aSánchez, Jenny Marcela _924791 |
|
| 942 |
_2ddc _cImpreso |
||
| 999 |
_c8532 _d8532 |
||